000 02248nam0a2200409 4500
001 RU\NLR\bibl\361686
005 20250621160815.0
010 _a5-7253-0745-X
_9300
021 _aRU
_b2002-57098
_92774
035 _a(NLR Aleph) 000356287
090 _a307412
_c307412
100 _a20030128d2002 |||y0rusy50 ca
101 0 _arus
102 _aRU
105 _aa |||||||||
200 1 _aДинамика уровня жизни: влияние на структуру жизненных установок и маргинализацию городского населения
_e(По результатам социол. исслед. населения г. Иркутска)
_fМ.А. Винокуров, Н.М. Токарская, Б.Л. Токарский и др.
_g[Байкал. экон. форум "Приоритеты соц.-экон. политики в Сибири и на Дал. Востоке", секция N 2, 16-20 сент. 2002]
210 _aИркутск
_cИзд-во Байкал. гос. ун-та экономики и права
_d2002
215 _a59 с.
_cграф.
_d21
300 _aВ надзаг.: М-во образования Рос. Федерации, Байкал. гос. ун-т экономики и права
320 _aБиблиогр. в подстроч. примеч.
606 0 _aУровень жизни
_xСоциологические исследования
_yРоссийская Федерация
_92078842
_3RU\NLR\auth\661254708
610 0 _aМатериальное благосостояние и культурный уровень жизни народа - Социологические исследования
610 0 _aИркутск, уровень жизни
675 _a330.59(470-21):316
_v3
_zrus
686 _a06
_2rugasnti
686 _a65.9(2Рос)-94
_2rubbk
686 _aС550.473
701 1 _aВинокуров
_bМ. А.
_gМихаил Алексеевич
_4070
701 1 _aТокарская
_bН. М.
_4070
701 1 _aТокарский
_bБ. Л.
_4070
801 0 _aRU
_bRKP
_c20030128
_gPSBO
801 1 _aRU
_bRKP
_c20030128
801 2 _aRU
_bNLR
_c20030214
_grcr
942 _cBOOK
980 _aNB
980 _aNBR